02045 2200649 4500001002100000005001500021035002000036008004100056245006800097100001900165250000600184260003100190300003000221020002200251084001400273520063000287082000800917650001400925990001200939990001200951990001200963990001200975990001200987990001200999990001201011990001201023990001201035990001201047990001201059990001201071990001201083990001201095990001201107990001201119990001201131990001201143990001201155990001201167990001201179990001201191990001201203990001201215990001201227990001201239990001201251990001201263990001201275990001201287990001201299990001201311990001201323990001201335990001201347990001201359990001201371990001201383INLIS00000000000000320240528111707 a0010-0324000003240528 0 ind 1 aErlangga X-Press UN SMA/MA 2019 Matematika IPA /cTim Progresif aProgresif, Tim a1 aJakarta :bErlangga,c2018 a136 hlm. ;c21 cm x 26 cm a978-602-434-972-1 a510 TIM e aErlangga X-Press UN adalah buku soal untuk persiapan menghadapi Ujian Nasional lebih dini. Dengan buku ini, peserta didik diharapkan dapat meraih nilai tinggi di UN. Buku ini dapat digunakan untuk peserta didik yang akan menempuh UNBK, karena selain dapat berlatih soal-soal tipe UN yang biasanya keluar dalam UN tahun-tahun sebelumnya, buku ini juga dilengkapi dengan QR Code yang berisi paket latihan soal UNBK. Dengan demikian, peserta didik menjadi terbiasa untuk mengerjakan soal dengan sistem komputer. Buku ini bertujuan membekali peserta didik dengan strategi belajar: Pahami, Kenali, Coba, Simulasikan! Dijamin Bisa! a510 4aNon Fiksi a0739207 a0739208 a0739209 a0739210 a0739211 a0739212 a0739213 a0739214 a0739215 a0739216 a0739217 a0739218 a0739219 a0739220 a0739221 a0739222 a0739223 a0739224 a0739225 a0739226 a0739227 a0739228 a0739229 a0739230 a0739231 a0739232 a0739233 a0739234 a0739235 a0739236 a0739237 a0739238 a0739239 a0739240 a0739241 a0739242 a0739243 a0739244